Poistenie a ekonomicko-sociálne dôsledky katastrofických rizík dizertačná práca

Salvato in:
Dettagli Bibliografici
Autore principale: Marko, Peter
Ente Autore: Národohospodárska fakulta EU. Katedra poisťovníctva
Altri autori: Majtánová, Anna
Natura: Libro
Lingua:slovacco
Pubblicazione: Bratislava 2009
Soggetti:
Tags: Aggiungi Tag
Nessun Tag, puoi essere il primo ad aggiungerne!!

MARC

LEADER 00000nam$a2200000$$$4500
001 0110046
005 20240502072218.9
041 0 |a slo 
044 |a SK 
245 1 0 |a Poistenie a ekonomicko-sociálne dôsledky katastrofických rizík  |b dizertačná práca  |c Peter Marko ; škol. Anna Majtánová 
264 1 |a Bratislava  |c 2009 
300 |a 135 s. 
610 2 0 |a škody 
610 2 0 |a modely 
610 2 0 |a poistenie 
610 2 0 |a pohromy živelné 
610 2 0 |a poistenie rizikové 
100 1 |a Marko, Peter 
700 1 |a Majtánová, Anna 
710 2 |a Národohospodárska fakulta EU. Katedra poisťovníctva